| 000 | 00309nam a22001217a 4500 | ||
|---|---|---|---|
| 082 | _aP-88 | ||
| 100 |
_aPC Ahmad Munir _947584 |
||
| 245 |
_aDewatering by subsurface drains _cPC Ahmad Munir, PC Kashif Hussain |
||
| 300 | _aVarious | ||
| 526 |
_a0 _b0 _c0 _dP_88 |
||
| 650 |
_aProject _947585 |
||
| 942 |
_2ddc _cBK |
||
| 999 |
_c550782 _d550782 |
||